ALL Rammstein songs - in the right order - Statistics

General Stats
  • This quiz has been taken 26 times
  • The average score is 80 of 102
Answer Stats
% Correct
Der Meister
100%
Wollt ihr das Bett in Flammen sehen
100%
Benzin
93%
Deutschland
93%
Links 2 3 4
93%
Mein Herz Brennt
93%
Radio
93%
Rammlied
93%
Rosenrot
93%
Sehnsucht
93%
Sex
93%
Sonne
93%
Zeit
93%
Adios
87%
Alter Mann
87%
Amerika
87%
Asche zu Asche
87%
Ausländer
87%
Bestrafe mich
87%
Bück dich
87%
Du hast
87%
Eifersucht
87%
Ein Lied
87%
Engel
87%
Feuer frei!
87%
Feuerräder
87%
Ich tu dir weh
87%
Keine Lust
87%
Küss mich (Fellfrosch)
87%
Los
87%
Mann gegen Mann
87%
Mein Teil
87%
Mutter
87%
Nebel
87%
Ohne dich
87%
Rammstein
87%
Reise, Reise
87%
Waidmanns Heil
87%
Weisses Fleisch
87%
Adieu
80%
Amour
80%
Dalai Lama
80%
Das alte leid
80%
Diamant
80%
Dicke Titten
80%
Du riechst so gut
80%
Frühling in Paris
80%
Haifisch
80%
Hallomann
80%
Halt
80%
Heirate mich
80%
Herzeleid
80%
Klavier
80%
Liebe ist für alle da
80%
Morgenstern
80%
Moskau
80%
Spiel mit mir
80%
Spring
80%
Stein um stein
80%
Tattoo
80%
Tier
80%
Was ich liebe
80%
Zeig dich
80%
Armee der Tristen
73%
Das Modell
73%
Feuer und wasser
73%
Giftig
73%
Hilf mir
73%
Ich will
73%
Laichzeit
73%
Mehr
73%
Puppe
73%
Rein raus
73%
Roter sand
73%
Spieluhr
73%
Te quiero puta!
73%
Weit weg
73%
Wiener Blut
73%
Wo bist du
73%
Zerstören
73%
5/4
67%
Angst
67%
Bückstabü
67%
Donaukinder
67%
Kokain
67%
Liese
67%
OK
67%
Seemann
67%
Stirb nicht vor mir (Don't die before I do)
67%
Wilder Wein
67%
Zwitter
67%
Halleluja
60%
Lügen
60%
Pussy
60%
Schwarz
60%
Stripped
60%
Vergiss uns nicht
60%
Führe mich
53%
Gib mir deine Augen
53%
Meine Tränen
53%
Mein land
53%
Zick Zack
47%
No matching quizzes found
Score Distribution
Percent of People with Each Score
Percentile by Number Answered
Your Score History
You have not taken this quiz